000 00291nam a2200133Ia 4500
100 _aAudels
942 _cBK
654 _aAir Compressors
245 _aPumps Hydraulics Air Compressors
260 _bD.B. Tarapore vala
_aBombay
_c1964
300 _a1006
546 _aENGLISH
999 _c28536
_d28536